Arrow as a Symbol of (Social) Business Model - Introduction to the Area of Economics

Krátky teoretický pohľad na "šípkový model" ako na symbol modelu sociálneho podnikania. Šíp - symbol, ktorý má svoje miesto v biológii, architektúre, poľovníctve, stavebníctve, literatúre ale aj ako symbol v oblasti ekonómie. Niektoré spoločnosti používajú tento symbol aj ako svoju značku.

Salvato in:
Dettagli Bibliografici
Autore principale: Vongrej, Marián
Natura: Capitolo di libro
Lingua:inglese
Soggetti:
Tags: Aggiungi Tag
Nessun Tag, puoi essere il primo ad aggiungerne!!

MARC

LEADER 00000naa a2200000 4500
001 0236446
005 20240502104252.0
041 0 |a eng 
044 |a UA 
245 1 0 |a Arrow as a Symbol of (Social) Business Model - Introduction to the Area of Economics  |c Marián Vongrej 
520 |a Krátky teoretický pohľad na "šípkový model" ako na symbol modelu sociálneho podnikania. Šíp - symbol, ktorý má svoje miesto v biológii, architektúre, poľovníctve, stavebníctve, literatúre ale aj ako symbol v oblasti ekonómie. Niektoré spoločnosti používajú tento symbol aj ako svoju značku. 
610 2 0 |a podnikanie sociálne 
610 2 0 |a podnik sociálny 
610 2 0 |a modely 
100 1 |a Vongrej, Marián